| 000 | 01167nam a2200229Ia 4500 | ||
|---|---|---|---|
| 003 | Ost | ||
| 005 | 20260507074859.0 | ||
| 008 | 260507s9999||||xx |||||||||||||| ||und|| | ||
| 040 | _cfsecg | ||
| 041 | _aara | ||
| 082 | _a658.85 | ||
| 100 |
_aحمدان، عبد المطلب عبد الرزاق _eمؤلف |
||
| 245 | 0 |
_aعقود المعاملات المالية وتطبيقاتها المعاصرة / _c عبد المطلب عبد الرزاق حمدان |
|
| 260 |
_aالاسكندرية: _bدار الفكر الجامعي, _c2007 |
||
| 300 |
_a179 صفحة؛ _bإيضاحات ؛ _c25 سم |
||
| 504 | _aبيبليوغرافيا: ص.178 | ||
| 520 | _aيضم مفهوم البيع وأركانه وشروطه، الحكم الشرعي لبيعتين في بيعة واحدة أو صفقتين في صفقة، حكم بيع العينة والتورق، حكم اجتماع البيع والاجازة في صفقة واحدة، بيع المرابحة وتطبيقاته المعاصرة، عقد الوديعة، عقد الحوالة | ||
| 653 | _aالبيع | ||
| 653 | _aالفقه الاسلامي | ||
| 653 | _aالوديعة | ||
| 942 | _cكتاب | ||
| 999 |
_c41636 _d41636 |
||